Účtovníctvo komerčných poisťovní v kontexte vstupu Slovenskej republiky do Európskej únie

Legislatívne zmeny v oblasti právnej úpravy poisťovníctva a účtovníctva poisťovní v súvislosti so vstupom do Európskej únie. Zákon o poisťovníctve a nové postupy účtovania. Pripravované zmeny v roku 2004 v rámci národnej právnej úpravy. Pripravované zmeny v roku 2004 v rámci nadnárodnej úpravy.

Salvato in:
Dettagli Bibliografici
Autore principale: Meluchová, Jitka, 1965-
Altri autori: Juhászová, Zuzana, 1970-
Natura: Capitolo di libro
Lingua:slovacco
Soggetti:
Tags: Aggiungi Tag
Nessun Tag, puoi essere il primo ad aggiungerne!!

MARC

LEADER 00000naa$a2200000$$$4500
001 0028625
005 20240502071431.9
041 0 |a slo 
044 |a SK 
245 1 0 |a Účtovníctvo komerčných poisťovní v kontexte vstupu Slovenskej republiky do Európskej únie  |c Jitka Meluchová 
520 |a Legislatívne zmeny v oblasti právnej úpravy poisťovníctva a účtovníctva poisťovní v súvislosti so vstupom do Európskej únie. Zákon o poisťovníctve a nové postupy účtovania. Pripravované zmeny v roku 2004 v rámci národnej právnej úpravy. Pripravované zmeny v roku 2004 v rámci nadnárodnej úpravy. 
610 2 0 |a Slovensko 
610 2 0 |a účtovníctvo 
610 2 0 |a poisťovne komerčné 
610 2 0 |a aproximácia práva 
610 2 0 |a trh poistný 
610 2 0 |a zmluvy poistné 
100 1 |a Meluchová, Jitka, 1965- 
700 1 |a Juhászová, Zuzana, 1970-